Rosa Brasile 2002 - Statistics

Statistiche generali
  • Questo quiz è stato fatto 111 volte
  • Il punteggio medio è 8 su 23
Statistiche sulle risposte
Ruolo Club dell'epoca Calciatore % Corretto
Inter Ronaldo
98%
Paris-Saint Germain Ronaldinho
94%
Roma Cafu
91%
Portiere Corinthians Dida
80%
Barcellona Rivaldo
80%
Real Madrid Roberto Carlos
76%
San Paolo Kakà
69%
Bayer Leverkusen Lucio
43%
Centrocampista Atlético Mineiro Gilberto Silva
35%
Flamengo Juninho Paulista
35%
Milan Roque Junior
28%
San Paolo Rogerio Ceni
26%
Parma Junior
18%
Attaccante Betis Siviglia Denílson
11%
Palmeiras Marcos
10%
Olympique Lione Edmilson
6%
Athletico Paranaense Kléberson
6%
Cruzeiro Edílson
4%
Grêmio Luizão
4%
Corinthians Ricardinho
4%
Corinthians Vampeta
4%
Difensore Grêmio Anderson Polga
3%
San Paolo Juliano Belletti
3%
Nessun quiz corrispondente trovato
Distribuzione punteggi
Percentuale di utenti per punteggio
Percentile per numero di risposta
I tuoi punteggi nel tempo
Non hai fatto questo quiz